Toutes les équipes qui ont joué en Bundesliga au XXIè siècle - Statistiques

Statistiques générales
  • Ce quiz a été pris 35 fois
  • Le résultat moyen est 25 sur 40
Statistiques - réponses
Dernier Trophée Equipe % Correct
Bundesliga 2025 FC Bayern München
100%
Coupe d'Allemagne 2021 Borussia Dortmund
97%
Bundesliga 2024 Bayer Leverkusen
94%
Coupe Intertoto 2008 Hamburg SV
94%
Coupe du Bade 2005 TSG Hoffenheim
94%
Supercoupe d'Allemagne 2016 VfL Wolfsburg
94%
Europa League 2022 Eintracht Frankfurt
91%
Zweite Bundesliga (2è Division) 2022 FC Schalke 04
91%
Coupe d'Allemagne 2009 SV Werder Bremen
91%
Dritte Liga (3è Division) 2009 Union Berlin
88%
Coupe d'Allemagne 2025 VfB Stuttgart
88%
Zweite Bundesliga (2è Division) 2025 FC Köln
84%
Zweite Bundesliga (2è Division) 2013 Hertha Berlin SC
84%
Coupe d'Allemagne 2007 FC Nürnberg
81%
Coupe du Sud-Ouest 1986 FSV Mainz
78%
Coupe de Bavière 1951 FC Augsburg
75%
Supercoupe d'Allemagne 2024 RB Leipzig
75%
Zweite Bundesliga (2è Division) 2016 SC Freiburg
75%
Zweite Liga (2è division) 2008 Borussia Mönchengladbach
72%
Coupe du Sud-Ouest 2020 FC Kaiserslautern
66%
Zweite Bundesliga (2è Division) 2024 FC Sankt Pauli
63%
Zweite Bundesliga (2è Division) 1989 Fortuna Düsseldorf
63%
Coupe du Bade 2019 Karlsruher SC
59%
Zweite Bundesliga (2è Division) 2021 VfL Bochum
59%
Zweite Bundesliga (2è division 2023) FC Heidenheim
53%
Coupe du Schleswig-Holstein 2017 Holstein Kiel
50%
Coupe de Westphalie 2018 SC Paderborn
50%
Zweite Bundesliga (2è Division) 2012 SpVgg Greuther Fürth
50%
Zweite Bundesliga (2è Division) 2002 Hannover 96
47%
Coupe de l'Hesse 2013 SV Darmstadt 98
47%
Dritte Liga (3è division) 2025 Arminia Bielefeld
44%
Coupe de Bavière 2024 FC Ingolstadt 04
41%
Dritte Liga (3è Division) 2017 MSV Duisburg
41%
Coupe de Meckembourg-Poméranie 2025 FC Hansa Rostock
38%
Coupe du Rhin-Moyen 1999 Alemannia Aachen
31%
Dritte Liga (3è division) 2011 Eintracht Braunschweig
31%
Regionalliga Nord-Est (4è division) 2024 FC Energie Cottbus
31%
Coupe de Bavière Amateure 2023 SpVgg Unterhaching
16%
Dritte Liga (3è Division) 2024 SSV Ulm
16%
Coupe de Bavière 2020 1890 München
3%
Aucun quiz correspondant
Distribution des résultats
% des personnes avec chaque résultat
Percentile par nombre de réponses
Votre historique - résultats
Vous n’avez pas pris ce quiz